Datum a čas kvízu
23.5
Celkem bodů
Celkový počet nahraných bodů na tomto kvízu bez doplňovacích otázek.
6.
Pořadí na kvízu
Konečné umístění týmu na tomto kvízu.
Zaznamenané odpovědi
| # | Otázka | Odpověď | Body | Výsledky |
|---|---|---|---|---|
| 1. | V sobotu se uskutečnila vzpomí... | Panenské Břežany | 1 | |
| 2. | Co neobvyklého přistálo ve čtv... | C) kontejnerová loď | 1 | |
| 3. | V pondělí nalezli francouzští... | Jim Morrison | 1 | |
| 4. | Kmen Marubo z Amazonského pral... | C) na pornu | 0 | |
| 5. | Jak se nazývá klub, který se v... | Tottenham (Hotspur) | 0 | |
| 6. | V tomto tématu se podíváme na... | Hayato Okamura, KDU-ČSL | 0.5 | |
| 7. | Jak se jmenuje tento muž? Opět... | Casey Affleck | 0 | |
| 8. | Tentokrát nás zajímá příjmení... | Dana Hlaváčová; Dora | 0 | |
| 9. | Jak se jmenuje tento muž? Tent... | Etzler; novinář | 1 | |
| 10. | Napište jméno i příjmení této... | Kristýna Plíšková; Dávid Hancko | 0.5 |